Th-mphil-Evaluating the expression of FAM26F gene in different viral infections (Record no. 479968)
[ view plain ]
| 000 -LEADER | |
|---|---|
| fixed length control field | 00418nam a22001577a 4500 |
| 003 - CONTROL NUMBER IDENTIFIER | |
| control field | ASAB |
| 005 - DATE AND TIME OF LATEST TRANSACTION | |
| control field | 20200308165108.0 |
| 008 - FIXED-LENGTH DATA ELEMENTS--GENERAL INFORMATION | |
| fixed length control field | 160201t xxu||||| |||| 00| 0 eng d |
| 038 ## - RECORD CONTENT LICENSOR | |
| Staff Name | ATTAULLAH |
| 040 ## - CATALOGING SOURCE | |
| Transcribing agency | ASAB |
| 082 ## - DEWEY DECIMAL CLASSIFICATION NUMBER | |
| Classification number | 0 |
| 100 ## - MAIN ENTRY--PERSONAL NAME | |
| Personal name | Rabbia mehdi-sup-Dr. Aneela Javed |
| 9 (RLIN) | 28853 |
| 245 ## - TITLE STATEMENT | |
| Title | Th-mphil-Evaluating the expression of FAM26F gene in different viral infections |
| 300 ## - PHYSICAL DESCRIPTION | |
| Extent | 61 |
| 942 ## - ADDED ENTRY ELEMENTS (KOHA) | |
| Source of classification or shelving scheme | |
| Koha item type | Thesis |
| Withdrawn status | Lost status | Source of classification or shelving scheme | Damaged status | Not for loan | Permanent Location | Current Location | Date acquired | Total Checkouts | Full call number | Barcode | Date last seen | Price effective from | Koha item type | Shelving location |
|---|---|---|---|---|---|---|---|---|---|---|---|---|---|---|
| Atta-ur-Rahman School of Applied Biosciences (ASAB) | Atta-ur-Rahman School of Applied Biosciences (ASAB) | 02/01/2016 | thesis rabbia mehdi | ASABMs-7-15 | 04/24/2018 | 02/01/2016 | ||||||||
| Central Library (CL) | Central Library (CL) | 01/30/2020 | 660.01 | Cl-T-4868 | 01/30/2020 | 01/30/2020 | Thesis | Thesis |
